| 000 | 01445nam a2200253 4500 | ||
|---|---|---|---|
| 001 | 113984 | ||
| 003 | DR-UNIBE | ||
| 005 | 20250730140454.0 | ||
| 008 | 250730b2009 mx ||||| |||| 00| 0 spa d | ||
| 020 | _a9786074681383 | ||
| 040 |
_aBIBLIOTECA UNIBE _bspa _cBIBLIOTECA UNIBE _erda |
||
| 041 | _aspa | ||
| 082 |
_222 _a347.72 R245 |
||
| 245 | 1 | 0 | _aRecomendación 01/2009 nombramiento de subordinados jerárquicos de Magistrados y Jueces del Poder Judicial de la Federación Suprema Corte de Justicia de la Nación |
| 250 | _aPrimera edición | ||
| 260 |
_aMéxico : _bSuprema Corte de Justicia de la Nación, _c2009 |
||
| 300 |
_axvii, 122 páginas : _c18 x 11 cm |
||
| 490 | _aOpiniones Consultivas de Asesorías y Recomendaciones de la Comisión Nacional de Ética Judicial | ||
| 505 | _aPresentación | Introducción | Oficio que solicita la opinión de la Comisión | Observaciones al proyecto de opinión formulado por la Secretaría | La Secretaría propone modificaciones y ajustes atendiendo a las observaciones formuladas al proyecto | Recomendación 01/2009, nombramiento de subordinados jerárquicos de Magistrado y Jueces del Poder Judicial de la Federación | Voto particular del Magistrado Sergio Pallares y Lara | ||
| 650 | 7 |
_2lemb _aÉtica judicial _zMéxico _9198025 |
|
| 650 | 7 |
_2lemb _aServidores públicos _xNombramientos _zMéxico _9198026 |
|
| 700 | 1 | 0 |
_aDíaz Romero, Juan _9198022 _ePresentador |
| 942 |
_2ddc _cBK |
||
| 999 |
_c113984 _d113984 |
||